| 000 | 00938nam a22002537a 4500 | ||
|---|---|---|---|
| 005 | 20110802103824.0 | ||
| 008 | 090728t xxu||||| |||| 00| 0 pun d | ||
| 010 | _aPUN-6891 | ||
| 020 |
_c125.00 _a9788182992108 |
||
| 035 | _aPN-6009 | ||
| 037 | _bDBAD / PUB | ||
| 040 |
_adpl _bpn |
||
| 082 | _aਓ | ||
| 100 |
_924414 _aਕੰਵਲ, ਜਸਵੰਤ ਸਿੰਘ |
||
| 245 |
_aਝੀਲ ਦੇ ਮੋਤੀ / _cਜਸਵੰਤ ਸਿੰਘ ਕੰਵਲ |
||
| 246 |
_aJheel de moti _bby Jaswant Singh Kanwal |
||
| 260 |
_aDelhi _bArsee Publishers _c2011 |
||
| 270 |
_a51, Parda bagh, Darya ganj, _bNew Delhi- _e110002 _k011-23280657 |
||
| 300 | 4 |
_a72 ਸਫੇ _c22ਸੇਮੀ (ਸਜਿਲੱਦ) |
|
| 650 | _924412 | ||
| 650 | _924431 | ||
| 942 |
_2ddc _cPN _hਓ _mਕੰਵਲ |
||
| 999 |
_c54751 _d54751 |
||